El heredero de los dioses / (Record no. 183520)

MARC details
000 -LEADER
campo de control de longitud fija 00728nam a2200229 i 4500
001 - NÚMERO DE CONTROL
campo de control 183520
003 - IDENTIFICADOR DE NÚMERO DE CONTROL
campo de control ES-MaACL
005 - FECHA Y HORA DE LA ÚLTIMA TRANSACCIÓN
campo de control 20231103143653.0
008 - DATOS DE LONGITUD FIJA--INFORMACIÓN GENERAL
campo de control de longitud fija 140710s2005 sp | |||| ||spa d
020 ## - NÚMERO INTERNACIONAL ESTÁNDAR DEL LIBRO
Número Internacional Estándar del Libro 84-86448-82-4
080 ## - NÚMERO DE LA CLASIFICACIÓN DECIMAL UNIVERSAL
Número de la Clasificación Decimal Universal 821.134.2-31"19"
100 1# - ENTRADA PRINCIPAL--NOMBRE DE PERSONA
Nombre de persona Queraltó, Alberto.
9 (RLIN) 154930
245 13 - MENCIÓN DEL TÍTULO
Título El heredero de los dioses /
Mención de responsabilidad, etc. Alberto Queraltó.
260 ## - PUBLICACIÓN, DISTRIBUCIÓN, ETC.
Lugar de publicación, distribución, etc. Alcalá de Guadaira (Sevilla) :
Nombre del editor, distribuidor, etc. Guadalmena,
Fecha de publicación, distribución, etc. D.L. 2005.
300 ## - DESCRIPCIÓN FÍSICA
Extensión 317 p. ;
Dimensiones 22 cm.
490 1# - MENCIÓN DE SERIE
Mención de serie Novela
830 0# - PUNTO DE ACCESO ADICIONAL DE SERIE-TÍTULO UNIFORME
Título uniforme Novela
9 (RLIN) 179893
852 ## - LOCALIZACIÓN
Ubicación ES-MaACL
Número de control de estantería A-13133
itemnumber 190461
Sublocalización o colección R.149956
Ubicación en estantería Depósito 1
Signatura antigua Olim: N-6133
Donativo/Legado Donación: Alberto Queraltó
903 ## - NOMBRE PERSONAL DE DONANTE
9 154930
a Queraltó, Alberto
e Donante
942 ## - ELEMENTOS DE ENTRADA SECUNDARIOS (KOHA)
Fuente del sistema de clasificación o colocación Clasificación decimal universal
Tipo de ítem Koha Libro impreso
Holdings
Estatus retirado Estado de pérdida Fuente del sistema de clasificación o colocación Estado de daño No para préstamo Biblioteca de origen Biblioteca actual Ubicación en estantería Fecha de adquisición Fuente de adquisición Total de préstamos Signatura topográfica completa Código de barras Visto por última vez Precio de reemplazo Tipo de ítem Koha
    Clasificación decimal universal     Biblioteca del Ateneo de Madrid Biblioteca del Ateneo de Madrid Depósito 1 10/07/2014 Donación   A-13133 1192897 23/02/2023 23/02/2023 Libro impreso